Els additius alimentaris : informe / Isabel Méndez i Mateu i Montserrat Pujadó i Bros informe / Isabel Méndez i Mateu i Montserrat Pujadó i Bros
Publicado:
Barcelona :
Generalitat de Catalunya. Departament de Sanitat i Seguretat Social. Direcció General de Promoció de la Salut ,
1983
Descripción Física:
246 p. ; 23 cm
Colección:
Higiene alimentària
Materias:
Additius alimentaris
MARC
| LEADER | 00000nam a2200000Ia 4500 | ||
|---|---|---|---|
| 001 | 1448 | ||
| 008 | 160829s1983 xx 000 0 cat d | ||
| 080 | |a C-1-306 | ||
| 100 | |a Méndez i Mateu, Isabel |9 37000 | ||
| 245 | |a Els additius alimentaris : |b informe / Isabel Méndez i Mateu i Montserrat Pujadó i Bros | ||
| 260 | |a Barcelona : |b Generalitat de Catalunya. Departament de Sanitat i Seguretat Social. Direcció General de Promoció de la Salut, |c 1983 | ||
| 300 | |a 246 p. ; |c 23 cm | ||
| 490 | |a Higiene alimentària | ||
| 650 | |a Additius alimentaris |9 37001 | ||
| 700 | |a Pujadó i Bros, Montserrat II Catalunya. Direcció General de Promoció de la Salut |9 37002 | ||
| 901 | |a Arxiu | ||
| 942 | |n 1 | ||
| 952 | |0 0 |1 0 |4 0 |6 C1306 |7 1 |9 47599 |a Arxiu |b Arxiu |d 2016-12-01 |l 0 |o C-1-306 |p 1448 |r 2016-12-01 00:00:00 |w 2016-12-01 |y ARXIU | ||
| 999 | |c 51398 |d 51398 | ||